000 00811nam a22001817a 4500
008 101208t xxu||||| |||| 00| 0 eng d
050 _aBR270
_b.P37 1965
100 _aParker, G. H. W. (Geoffrey Henry William)
245 _aThe morning star:
_b Wycliffe and the dawn of the Reformation/
_c by G. H. W. Parker.
260 _aMichigan
_bGrand Rapids, W. B. Eerdmans
_c [1966, c1965]
300 _a248 p.
_c23 cm.
440 _aThe Advance of Christianity through the centuries ; v. 3.
500 _ainclude bibliography: 235-240 and index
650 _aWycliffe, John, d. 1384.
650 _aChurch history
_v Middle Ages, 600-1500.
942 _2lcc
_cBK
999 _c37638
_d37638